[Event "VIE-ch U11"]
[Site "Ho Chi Minh City"]
[Date "2014.07.17"]
[Round "7"]
[White "Hoang, The Tung"]
[Black "Pham, Minh Thinh"]
[Result "1/2-1/2"]
[WhiteElo "1913"]
[BlackElo "1921"]
[PlyCount "55"]
[EventDate "2014.07.13"]
[EventType "swiss"]
[EventRounds "9"]
[EventCountry "VIE"]
[SourceTitle "EXT 2016"]
[Source "ChessBase"]
[SourceDate "2015.10.08"]
[SourceVersion "1"]
[SourceVersionDate "2015.10.08"]
[SourceQuality "1"]

1. c4 d5 2. e3 c6 3. Nc3 e5 4. d3 f5 5. Nge2 Be6 6. g3 Nf6 7. Bg2 Be7 8. 0-0 0-0 9. e4 d4 10. Na4 fxe4 11. dxe4 c5 12. Qb3 b6 13. f4 Bd6 14. fxe5 Bxe5 15. Bg5 Nbd7 16. Bxf6 Bxf6 17. Nf4 Bf7 18. e5 Bxe5 19. Bxa8 Qxa8 20. Rad1 Qb8 21. Qb5 Nf6 22. Nd3 Re8 23. Rde1 g6 24. Rf2 Nh5 25. Qd7 Rf8 26. Ref1 Be8 27. Qe6+ Kg7 28. Rxf8 1/2-1/2

[Event "VIE-ch U11"]
[Site "Ho Chi Minh City"]
[Date "2014.07.16"]
[Round "6"]
[White "Pham, Minh Thinh"]
[Black "Ly, Dinh Minh Man"]
[Result "0-1"]
[WhiteElo "1921"]
[BlackElo "1952"]
[PlyCount "82"]
[EventDate "2014.07.13"]
[EventType "swiss"]
[EventRounds "9"]
[EventCountry "VIE"]
[SourceTitle "EXT 2016"]
[Source "ChessBase"]
[SourceDate "2015.10.08"]
[SourceVersion "1"]
[SourceVersionDate "2015.10.08"]
[SourceQuality "1"]

1. d4 c6 2. e3 d5 3. c4 Nf6 4. c5 Bf5 5. Bd3 Bxd3 6. Qxd3 Nbd7 7. b4 e6 8. Nf3 Be7 9. 0-0 0-0 10. Nbd2 Re8 11. h3 a5 12. Ba3 b6 13. Rfe1 axb4 14. Bxb4 bxc5 15. dxc5 Nxc5 16. Qb1 Nce4 17. Bxe7 Qxe7 18. Ne5 Qd6 19. Nef3 h6 20. Rd1 Nxd2 21. Rxd2 Rad8 22. a4 Ne4 23. Rd1 Qc7 24. a5 Ra8 25. a6 Ra7 26. Qd3 Rea8 27. Ra4 Nc5 28. Qd4 Nxa4 29. Qxa4 Rxa6 30. Qd4 Ra4 31. Qc3 Qa5 32. Qd3 Qc7 33. g3 Ra1 34. Kg2 R1a2 35. e4 R8a3 36. Qd4 e5 37. Nxe5 f6 38. Ng6 Qxg3+ 39. Kh1 Qxg6 40. Rg1 Qxe4+ 41. Qxe4 dxe4 0-1